|
|
|
|
| LEADER |
00981cam a2200241 7i4500 |
| 001 |
0000008231 |
| 005 |
20250814090000.0 |
| 020 |
|
|
|a 9780471076834
|
| 020 |
|
|
|a 047107683X (pbk.)
|
| 090 |
0 |
0 |
|a QA76.76.D47
|b W46 1995
|
| 100 |
1 |
|
|a Whitten, Neal
|
| 245 |
1 |
0 |
|a Managing software development projects :
|b formula for success
|c Neal Whitten.
|
| 250 |
|
|
|a 2nd ed.
|
| 260 |
|
|
|a New York:
|b John Wiley & Sons, Inc.,
|c 1995.
|
| 300 |
|
|
|a xiv, 384 p.:
|b ill.;
|c 26 cm.
|
| 500 |
|
|
|a Gift: En. Hasrom Haron
|
| 504 |
|
|
|a Includes bibliographical references and index
|
| 650 |
0 |
0 |
|a Computer software --
|x Development --
|x Management
|
| 997 |
|
|
|a Engineering & Life Sciences, Faculty
|b Engineering, Department
|
| 997 |
|
|
|a Communication, Visual Art & Computing, Faculty
|b Computing, Department
|
| 999 |
|
|
|a 0000005824
|b BOK
|c OPEN SHELF
|e 1st Floor, Bestari Jaya
|
| 999 |
|
|
|a 0000043221
|b BOK
|c OPEN SHELF
|e 2nd Floor, Bestari Jaya
|
| 999 |
|
|
|a 0000069364
|b BOK
|c OPEN SHELF
|e 2nd Floor, Bestari Jaya
|